| 000 | 01244nam0a22002771 4500 | ||
|---|---|---|---|
| 001 | rc\2301011 | ||
| 005 | 20250622231745.0 | ||
| 035 | _a(NLR Aleph) 006467887 | ||
| 090 |
_a5904280 _c5904280 |
||
| 100 | _a20110829d1977 |||y0rusy50 ca | ||
| 101 | 0 | _arus | |
| 102 | _aRU | ||
| 105 | _aa z ||||| | ||
| 200 | 1 |
_aОсновы организации центральных органов полиций буржуазных стран _fАкад. МВД СССР. Кафедра организации деятельности органов внутр. дел зарубеж. стран |
|
| 210 |
_aМосква _cБ. и. _d1977 |
||
| 215 |
_a33 с. _cсхем. _d20 |
||
| 225 | 1 |
_aОрганизация деятельности органов внутренних дел зарубежных стран _eКурс лекций _vЛекция 5 [1] |
|
| 300 | _aНа обл. только загл. серии | ||
| 333 | _aДСП. Экз. № 14 | ||
| 700 | 1 |
_4220 _7ca _8rus _aКрылов _bБ. С. _cд-р юрид. наук _f1923-2013 _gБорис Сергеевич _9180076 _3RU\NLR\AUTH\770180127 |
|
| 801 | 0 |
_aRU _bNLR _gpsbo |
|
| 801 | 1 |
_aRU _bELAR _2rusmarc |
|
| 852 |
_aNLR _j76-50К/501-5-1 |
||
| 942 | _cBOOK | ||
| 980 | _aNB | ||